LIBRARY & INFORMATION CENTRE, KCAET, TAVANUR

ONLINE PUBLIC ACCESS CATALOGUE (OPAC)

Agroindustrial byproducts and nonconventional feeds for livestock feeding / (Record no. 12057)

MARC details
000 -LEADER
fixed length control field 00482cam a2200169ua 4500
041 ## - LANGUAGE CODE
Language code of text/sound track or separate title eng
082 ## - DEWEY DECIMAL CLASSIFICATION NUMBER
Classification number 636
Item number RAN/AG
100 ## - MAIN ENTRY--AUTHOR NAME
Personal name Ranjhan, S.K .
245 ## - TITLE STATEMENT
Title Agroindustrial byproducts and nonconventional feeds for livestock feeding /
260 ## - PUBLICATION, DISTRIBUTION, ETC. (IMPRINT)
Place of publication New Delhi :
Name of publisher Indian Council for Agricultural Research ,
Year of publication 1990.
300 ## - PHYSICAL DESCRIPTION
Number of Pages 127 ; .
942 ## - ADDED ENTRY ELEMENTS (KOHA)
Koha item type Books
Holdings
Withdrawn status Lost status Damaged status Home library Current library Date acquired Full call number Accession Number Koha item type
      KAUAET KAUAET 07/04/2012 636 20835 Books
free website counter